Manual intensivo para el examen MIR / (Registro nro. 8580)

Detalles MARC
000 -LEADER
campo de control de longitud fija 00715nam a2200229 i 4500
001 - NÚMERO DE CONTROL
campo de control 8580
003 - IDENTIFICADOR DE NÚMERO DE CONTROL
campo de control ES-MaACL
005 - FECHA Y HORA DE LA ÚLTIMA TRANSACCIÓN
campo de control 20230906145506.0
008 - DATOS DE LONGITUD FIJA--INFORMACIÓN GENERAL
campo de control de longitud fija 920728s1992 sp ||||1| spa d
020 ## - NÚMERO INTERNACIONAL ESTÁNDAR DEL LIBRO
Número Internacional Estándar del Libro 84-86152-85-2
080 ## - NÚMERO DE LA CLASIFICACIÓN DECIMAL UNIVERSAL
Número de la Clasificación Decimal Universal 61(078)
100 1# - ENTRADA PRINCIPAL--NOMBRE DE PERSONA
Nombre de persona Baladrón Romero, Jaime.
9 (RLIN) 24797
245 10 - MENCIÓN DEL TÍTULO
Título Manual intensivo para el examen MIR /
Mención de responsabilidad, etc. J. Baladrón, D. Vega, B. Aldecoa.
250 ## - MENCION DE EDICION
Mención de edición 1ª ed.
260 ## - PUBLICACIÓN, DISTRIBUCIÓN, ETC.
Lugar de publicación, distribución, etc. Madrid :
Nombre del editor, distribuidor, etc. Luzán 5,
Fecha de publicación, distribución, etc. 1992.
300 ## - DESCRIPCIÓN FÍSICA
Extensión XV, 1305 p. :
Otras características físicas il. ;
Dimensiones 33 cm.
650 14 - PUNTO DE ACCESO ADICIONAL DE MATERIA--TÉRMINO DE MATERIA
Término de materia o nombre geográfico como elemento de entrada Médicos internos residentes-
Subdivisión geográfica España.
9 (RLIN) 171683
700 1# - ENTRADA AGREGADA--NOMBRE PERSONAL
Nombre de persona Vega Gutiérrez, Domingo.
9 (RLIN) 113606
700 1# - ENTRADA AGREGADA--NOMBRE PERSONAL
Nombre de persona Aldecoa Álvarez, Belén.
9 (RLIN) 19631
852 ## - LOCALIZACIÓN
Ubicación ES-MaACL
Número de control de estantería Mesetón
852 ## - LOCALIZACIÓN
Ubicación ES-MaACL
Número de control de estantería Mesetón
Existencias
Estatus retirado Estado de pérdida Fuente del sistema de clasificación o colocación Estado de daño No para préstamo Biblioteca de origen Biblioteca actual Ubicación en estantería Fecha de adquisición Fuente de adquisición Total de préstamos Signatura topográfica completa Código de barras Visto por última vez Precio de reemplazo Tipo de ítem Koha
    Clasificación Decimal Dewey     Biblioteca del Ateneo de Madrid Biblioteca del Ateneo de Madrid Sala Pecera Referencia 17/01/2008     Meseton 1008765 23/02/2023 23/02/2023 Libro impreso
    Clasificación Decimal Dewey     Biblioteca del Ateneo de Madrid Biblioteca del Ateneo de Madrid Sala Pecera Referencia 17/01/2008     Meseton 1008764 23/02/2023 23/02/2023 Libro impreso